000
00341 a2200157 4500
001
59016
020
_a
8571238855
040
_c
Anchieta - Pituba
100
_a
Witcher, Moony
240
1
0
_a
A menina da sexta lua
_l
por
245
1
0
_a
A menina da sexta lua
300
_a
287
362
0
_a
2006
650
4
_a
Literatura juvenil
942
_c
BK
999
_c
59016
_d
59016